Entrega de premios del III Premi Vila d'Arenys / por Francisco Puig y Bosch
Publicado:
San Jorge, núm. 78 (2n trimestre 1970), pàg 104 :
MARC
| LEADER | 00000nam a2200000Ia 4500 | ||
|---|---|---|---|
| 001 | |||
| 008 | 160829s9999 xx 000 0 cat d | ||
| 100 | |a Puig y Bosch, Francisco |9 40582 | ||
| 245 | |a Entrega de premios del III Premi Vila d'Arenys / por Francisco Puig y Bosch | ||
| 260 | |a San Jorge, núm. 78 (2n trimestre 1970), pàg 104 | ||
| 650 | |a Teatre |x Premis |9 40483 | ||
| 651 | 0 | |a Arenys de Mar (Catalunya) |9 64422 | |
| 901 | |a Arxiu | ||
| 942 | |n 1 | ||
| 952 | |0 0 |1 0 |4 0 |7 1 |9 49795 |a Arxiu |b Arxiu |d 2016-12-01 |l 0 |r 2016-12-01 00:00:00 |w 2016-12-01 |y ARXIU | ||
| 999 | |c 53637 |d 53637 | ||